000 00519nam a2200193Ia 4500
003 GCL
008 140319s9999 xx 000 0 eng d
040 _aGCL /
_cGCL
082 0 4 _a746.72
_bW C
100 1 _aWRIGHT, RICHAED E.
245 1 0 _aCAUCASIAN CARPETS &?COVERS THE WEAVING CULTURE /
_cWRIGHT, RICHAED E.
700 1 _aWETINE, JOHN
260 _a[S.N] :
_bHALI PUBLICATIONS LIMITED ،
_c1995
300 _a184 P
650 0 4 _aCARPETS
650 0 4 _aCAUCASIAN CARPETS
650 0 4 _aCOVERS
942 _2ddc
_cBK
999 _c10265
_d10265